La geografía en 1897 (primer semestre) : (Record no. 166510)

MARC details
000 -LEADER
campo de control de longitud fija 01085nam a22002175i 4500
001 - NÚMERO DE CONTROL
campo de control 166510
003 - IDENTIFICADOR DE NÚMERO DE CONTROL
campo de control ES-MaACL
005 - FECHA Y HORA DE LA ÚLTIMA TRANSACCIÓN
campo de control 20250814065330.0
008 - DATOS DE LONGITUD FIJA--INFORMACIÓN GENERAL
campo de control de longitud fija 010119s1897 sp |||| | spa d
100 1# - ENTRADA PRINCIPAL--NOMBRE DE PERSONA
Nombre de persona Torres Campos, Rafael,
Fechas asociadas al nombre 1853-1904
9 (RLIN) 110935
245 13 - MENCIÓN DEL TÍTULO
Título La geografía en 1897 (primer semestre) :
Resto del título memoria sobre el progreso de los trabajos geográficos : leída en la Junta general de la Sociedad Geográfica de Madrid el día 15 de junio de 1897 /
Mención de responsabilidad, etc. por el secretario general de la misma, Rafael Torres Campos.
260 ## - PUBLICACIÓN, DISTRIBUCIÓN, ETC.
Lugar de publicación, distribución, etc. Madrid :
Nombre del editor, distribuidor, etc. [ s.n.],
Fecha de publicación, distribución, etc. 1897 (
Fabricante Estab. Tip. de Fortanet)
300 ## - DESCRIPCIÓN FÍSICA
Extensión 50 p. ;
Dimensiones 24 cm.
530 ## - NOTA DISPONIBLE DE FORMULARIO FÍSICO ADICIONAL
Nota de formato físico adicional disponible Disponible en formato digital.
594 ## - Nota al título y mención de responsabilidad
Nota al título y mención de responsabilidad Datos tomados de cub.
650 #7 - PUNTO DE ACCESO ADICIONAL DE MATERIA--TÉRMINO DE MATERIA
Término de materia o nombre geográfico como elemento de entrada Geografía-
Subdivisión geográfica España
Fuente del encabezamiento o término
9 (RLIN) 166984
710 2# - ENTRADA AGREGADA--NOMBRE DE ENTIDAD CORPORATIVA
Nombre de entidad corporativa o nombre de jurisdicción como elemento de entrada Sociedad Geográfica de Madrid.
9 (RLIN) 6775
852 ## - LOCALIZACIÓN
Ubicación ES-MaACL
Número de control de estantería T-846-F-9
Nota libre -- Enc. hol., conservando la cub. original
-- -- Enc. en un vol. facticio
856 ## - LOCALIZACIÓN Y ACCESO ELECTRÓNICOS
Identificador Uniforme de Recursos <a href="http://invenio.fundacionginer.org/pdf/3890.pdf ">http://invenio.fundacionginer.org/pdf/3890.pdf </a>
Nota pública Repositorio Digital de la Fundación Francisco Giner de los Ríos
Holdings
Estatus retirado Estado de pérdida Estado de daño No para préstamo Colección Biblioteca de origen Biblioteca actual Ubicación en estantería Fecha de adquisición Total de préstamos Signatura topográfica completa Código de barras Visto por última vez Precio de reemplazo Tipo de ítem Koha
        Colección de folletos Biblioteca del Ateneo de Madrid Biblioteca del Ateneo de Madrid Depósito folletos 17/01/2008   T-846-F-9 1174638 23/02/2023 23/02/2023 Folleto